00355nam a2200097Ia 4500001000400000008004100004082002400045100006300069245008100132260004400213885241024s9999 xx 000 0 und d aRD/374.013/R426c/2v aRepública Dominicana.Secretaria de Estado de Educación 0aCarpeta Informativa de la Educación Técnico Profesional,Equipo Directivo bDirección Técnico Profesionalc2008